Agroecological Footprints Management for Sustainable Food System
Agroecological footprints are a unique and popular concept for sustainable food system. Measuring and keeping a tab on the agroecological footprints of various human activities has gained remarkable interest in the past decade. From a range of human activities, food production and agriculture are mo...
Enregistré dans:
| Autres auteurs: | , , , |
|---|---|
| Format: | Livre |
| Publié: |
Singapore :
Springer ,
c 2021.
|
| Sujets: | |
| Tags: |
Ajouter un tag
Pas de tags, Soyez le premier à ajouter un tag!
|
MARC
| LEADER | 00000nam a2200000 4500 | ||
|---|---|---|---|
| 005 | 20250715061819.0 | ||
| 020 | |a 9789811594984 |c TZS 677,223/= | ||
| 040 | |a MUL |b eng. |e AACR | ||
| 082 | |a 333.72 AGR | ||
| 245 | |a Agroecological Footprints Management for Sustainable Food System |c /edited by Arnab Banerjee ... [et al.]. | ||
| 260 | |a Singapore : |b Springer , |c c 2021. | ||
| 300 | |a x,541 p. : |b ill. ; |c 25 cm. | ||
| 504 | |a Includes references p. 509 - 514 | ||
| 505 | |a Preface Chapter 1: Ecological Footprints in Agroecosystem- An Overview Chapter 2: Natural Resources Intensification and Footprints Management for Sustainable Food System Chapter 3: Agroecology for Sustainable Food System and Footprint Mitigation Chapter 4: Carbon and Nitrogen Footprint Management for Food Security Chapter 5: Future Transitions to a Renewable Stationary Energy Sector- Implications the Future Ecological Footprint and Land use Chapter 6: Biomass as a Cornerstone of Circular Economy: Resources, Energy and Environment Chapter 7: Land Footprint Management and Policies Chapter 8: Grey Water Footprint Accounting, Challenges and Problem Solving Chapter 9: Water Footprint in Rice-based Cropping Systems of South Asia Chapter 10: Impact of Urbanization and Crude Oil Exploration in Niger Delta Mangrove Ecosystem and its Livelihood Opportunities: A Footprint Perspective Chapter 11: Challenges for Corporate Ecological Footprint Calculations in the SME Sector in Hungary- Case Study Evidence from Six Hungarian Small Enterprises Chapter 12: Opportunities, Challenges and Ecological Footprint of Sustaining Small Ruminant Production in the Changing Climate Scenario Chapter 13: Determining the Perspectives of Turkish Students Ecological Footprint Awareness Based upon a Survey Chapter 14: Energy and Climate Footprint Towards the Environmental Sustainability Chapter 15: Ecofootprint of Charcoal production and it's Economic Contribution Towards Rural Livelihoods in Sub-Saharan Africa Chapter 16: River Sand Mining and its Ecological Footprint at Odor River, Nigeria | ||
| 520 | |a Agroecological footprints are a unique and popular concept for sustainable food system. Measuring and keeping a tab on the agroecological footprints of various human activities has gained remarkable interest in the past decade. From a range of human activities, food production and agriculture are most essential as well as extremely dependent on the agroecosystems. It is therefore crucial to understand the interaction of agroecosystem constituents with the extensive agricultural practices. The environmental impact measured in terms of agroecological footprints for a healthy for the sustainable food system. The editors critically examine the status of agroecological footprints and how it can be maintained within sustainable limits. Drawing upon research and examples from around the world, the book is offering an up-to-date account, and insight into how agroecology can be implemented as a solution in the form of eco-friendly practices that would boost up the production, curbs the environmental impacts, improves the bio-capacity, and reduces the agroecological footprints. It further discusses the changing status of the agroecological footprints and the growth of other footprint tools and types, such as land, water, carbon, nitrogen, etc. This book will be of interest to teachers, researchers, government planners, climate change scientists, capacity builders, and policymakers. Also, the book serves as additional reading material for undergraduate and graduate students of agriculture, agroforestry, agroecology, soil science, and environmental sciences. National and international agricultural scientists, policymakers will also find this to be useful to achieve the 'Sustainable Development Goals' | ||
| 546 | |a eng. | ||
| 650 | |a Ecosystem | ||
| 650 | |a Biosociology | ||
| 650 | |a Ecology | ||
| 650 | |a Food system | ||
| 700 | |a BANERJEE, A. |c (editor) | ||
| 700 | |a MEENA, R. S. |c (editor) | ||
| 700 | |a JHARIYA, M. K. |c (editor) | ||
| 700 | |a YADAV, D. K. |c (editor) | ||
| 942 | |c BK | ||
| 999 | |c 11081 |d 11081 | ||